| 000 | 00529nam a22001937a 4500 | ||
|---|---|---|---|
| 003 | OSt | ||
| 005 | 20180116183045.0 | ||
| 008 | 160718b xxu||||| |||| 00| 0 eng d | ||
| 020 | _a9780538452601 | ||
| 040 | _c0 | ||
| 082 | _a658.562 EVA 2011 | ||
| 100 | _aEvans Lindsay | ||
| 245 |
_aThe Management and Control of Quality _cEvans Lindsay |
||
| 250 | _a8th | ||
| 260 |
_aAustralia _bSouth-Western Cengage Learning _c2011 |
||
| 300 |
_a743+45 p. _bPB |
||
| 440 | _aThe Management and Control of Quality | ||
| 942 |
_2ddc _cBK |
||
| 999 |
_c351401 _d351401 |
||